| 000 | 00824nam a2200241 a 4500 | ||
|---|---|---|---|
| 001 | 48246 | ||
| 003 | BD-RjUL | ||
| 005 | 20231220114436.0 | ||
| 008 | 160512s1960 bg ||||| |||| 00| 0 ben d | ||
| 020 | _c: TK 2.50 | ||
| 035 | _a(BD-RjUL)48365 | ||
| 040 |
_aBD-RjUL _bben _cBD-RjUL |
||
| 041 | _aben | ||
| 082 |
_a891.443 _bCHK 1960 _223 |
||
| 100 | 1 |
_aচট্টোপাধ্যায়, বঙ্কিমচন্দ্র _9116961 |
|
| 245 | 1 | 0 |
_aকমলাকান্ত / _cবঙ্কিমচন্দ্র চট্টোপাধ্যায় |
| 260 |
_aকলিকাতা : _c[?] |
||
| 300 |
_a১৯৪ পৃ. ; _c২৫ সেমি. |
||
| 505 | _aখন্ড- ৩ | ||
| 650 |
_aবাংলা _9116625 _vউপন্যাস |
||
| 650 |
_aBengali _9116586 _vFiction |
||
| 942 |
_2ddc _cBK |
||
| 999 |
_c48246 _d48246 |
||